Physics Handbook (Record no. 1024)
[ view plain ]
| 000 -LEADER | |
|---|---|
| fixed length control field | 00901 a2200229 4500 |
| 008 - FIXED-LENGTH DATA ELEMENTS--GENERAL INFORMATION | |
| fixed length control field | 080822t xxu||||| |||| 00| 0 eng d |
| 010 ## - LIBRARY OF CONGRESS CONTROL NUMBER | |
| LC control number | ENG-85073 |
| 020 ## - INTERNATIONAL STANDARD BOOK NUMBER | |
| International Standard Book Number | 8188689351 |
| Terms of availability | 895.00 |
| 035 ## - SYSTEM CONTROL NUMBER | |
| System control number | EN-68606 |
| 037 ## - SOURCE OF ACQUISITION | |
| Source of stock number/acquisition | D.B.Act / Pub |
| 082 ## - DEWEY DECIMAL CLASSIFICATION NUMBER | |
| Classification number | 530.02 |
| 100 ## - MAIN ENTRY--PERSONAL NAME | |
| Personal name | Nordling , Carl |
| 245 ## - TITLE STATEMENT | |
| Title | Physics Handbook |
| Remainder of title | for science and engineering |
| Statement of responsibility, etc | by Carl Nordling and Jonny Osterman |
| 250 ## - EDITION STATEMENT | |
| Edition statement | 7th ed |
| 260 ## - PUBLICATION, DISTRIBUTION, ETC. (IMPRINT) | |
| Place of publication, distribution, etc | New Delhi |
| Name of publisher, distributor, etc | Overseas Press India |
| Date of publication, distribution, etc | 2006 |
| 270 ## - ADDRESS | |
| Address | 7/28, Ansari Road, Darya Ganj |
| City | New Delhi |
| Postal code | 110 002 |
| Electronic mail address | overseas@de13.vsnl.nic.in |
| 300 ## - PHYSICAL DESCRIPTION | |
| Extent | 499p. |
| Other physical details | 23cm. (Hb) |
| 500 ## - GENERAL NOTE | |
| General note | includes index and bibliography |
| 700 ## - ADDED ENTRY--PERSONAL NAME | |
| Personal name | Osterman, Jonny |
| 942 ## - ADDED ENTRY ELEMENTS (KOHA) | |
| Institution code [OBSOLETE] | dpl |
| Koha item type | English Books |
| Call number prefix | 530.02 / NOR |
| Source of classification or shelving scheme | Dewey Decimal Classification |
| Classification part | 530.02 |
| Call number suffix | NOR |
| Withdrawn status | Lost status | Damaged status | Not for loan | Home library | Current library | Date acquired | Cost, normal purchase price | Total Checkouts | Full call number | Barcode | Date last seen | Copy number | Uniform Resource Identifier | Cost, replacement price | Price effective from | Koha item type |
|---|---|---|---|---|---|---|---|---|---|---|---|---|---|---|---|---|
| D.B.Act.Division | D.B.Act.Division | 22/08/2008 | 895.00 | 530.02 NOR | EN-68606 | 15/09/2008 | 1 | 1088 | 895.00 | 15/09/2008 | English Books |
